Sports Quiz

Random Sports or Baseball Quiz

Opening Day Lineups 1971-1990: Astros Quiz Stats

 Plays Quiz not verified by Sporcle

Score 0/180 Timer 14:00
2 Plays Today
Year Player % Correct
1990Mike Scott
94.5%
1989Mike Scott
94.5%
1988Mike Scott
94.5%
1987Mike Scott
94.5%
1982Tony Scott
94.1%
1982Nolan Ryan
94%
1986Nolan Ryan
94%
1985Nolan Ryan
94%
1975Jose Cruz
94%
1977Jose Cruz
94%
1978Jose Cruz
94%
1979Jose Cruz
94%
1980Jose Cruz
94%
1981Jose Cruz
94%
1982Jose Cruz
94%
1983Jose Cruz
94%
1987Jose Cruz
94%
1985Jose Cruz
94%
1984Jose Cruz
94%
1990Glenn Davis
93.3%
1989Glenn Davis
93.3%
1988Glenn Davis
93.3%
1987Glenn Davis
93.3%
1986Glenn Davis
93.3%
1976J.R. Richard
92.2%
1977J.R. Richard
92.2%
1978J.R. Richard
92.2%
1979J.R. Richard
92.2%
1980J.R. Richard
92.2%
1971Cesar Cedeno
92.2%
1972Cesar Cedeno
92.2%
1973Cesar Cedeno
92.2%
1974Cesar Cedeno
92.2%
1975Cesar Cedeno
92.2%
1976Cesar Cedeno
92.2%
1978Cesar Cedeno
92.2%
1979Cesar Cedeno
92.2%
1980Cesar Cedeno
92.2%
1981Cesar Cedeno
92.2%
1971Joe Morgan
91.7%
1980Joe Morgan
91.7%
1990Craig Biggio
91%
1989Craig Biggio
91%
1979Alan Ashby
84.8%
1980Alan Ashby
84.7%
1982Alan Ashby
84.7%
1988Alan Ashby
84.7%
1987Alan Ashby
84.7%
1985Alan Ashby
84.7%
1984Alan Ashby
84.7%
1978Terry Puhl
83.2%
1979Terry Puhl
83.2%
1980Terry Puhl
83.2%
1981Terry Puhl
83.2%
1982Terry Puhl
83.2%
1983Terry Puhl
83.2%
1988Terry Puhl
83.2%
1985Terry Puhl
83.2%
1984Terry Puhl
83.2%
1981Dickie Thon
82.9%
Year Player % Correct
1983Dickie Thon
82.9%
1986Dickie Thon
82.9%
1985Dickie Thon
82.9%
1984Dickie Thon
82.9%
1971Jim Wynn
82.9%
1972Jim Wynn
82.9%
1973Jim Wynn
82.9%
1971Bob Watson
82.3%
1972Bob Watson
82.3%
1973Bob Watson
82.3%
1974Bob Watson
82.3%
1976Bob Watson
82.3%
1977Bob Watson
82.3%
1978Bob Watson
82.3%
1979Bob Watson
82.3%
1972Don Wilson
81.2%
1990Glenn Wilson
80.9%
1983Bill Doran
80.3%
1984Bill Doran
80.3%
1990Bill Doran
80.3%
1989Bill Doran
80.3%
1988Bill Doran
80.3%
1987Bill Doran
80.3%
1986Bill Doran
80.3%
1985Bill Doran
80.3%
1971Larry Dierker
78.7%
1975Larry Dierker
78.7%
1979Craig Reynolds
78%
1980Craig Reynolds
78%
1981Craig Reynolds
78%
1982Craig Reynolds
78%
1987Craig Reynolds
78%
1975Enos Cabell
76.5%
1976Enos Cabell
76.5%
1977Enos Cabell
76.5%
1978Enos Cabell
76.5%
1979Enos Cabell
76.5%
1980Enos Cabell
76.5%
1985Enos Cabell
76.5%
1975Cliff Johnson
75.3%
1976Cliff Johnson
75.3%
1972Lee May
75.1%
1973Lee May
75.1%
1974Lee May
75.1%
1974Milt May
74.9%
1975Milt May
74.9%
1981Joe Niekro
74.7%
1983Joe Niekro
74.7%
1984Joe Niekro
74.7%
1989Kevin Bass
73.2%
1987Kevin Bass
73.2%
1986Kevin Bass
73.2%
1982Phil Garner
71.6%
1983Phil Garner
71.6%
1987Phil Garner
71.6%
1985Phil Garner
71.6%
1978Art Howe
70.9%
1979Art Howe
70.9%
1980Art Howe
70.9%
1981Art Howe
70.9%
Year Player % Correct
1982Art Howe
70.9%
1990Ken Caminiti
70.6%
1989Ken Caminiti
70.6%
1989Billy Hatcher
69.6%
1988Billy Hatcher
69.6%
1987Billy Hatcher
69.6%
1971Doug Rader
67.8%
1972Doug Rader
67.8%
1973Doug Rader
67.8%
1974Doug Rader
67.8%
1975Doug Rader
67.8%
1990Gerald Young
66.9%
1989Gerald Young
66.9%
1988Gerald Young
66.9%
1990Rafael Ramirez
66.5%
1989Rafael Ramirez
66.5%
1988Rafael Ramirez
66.5%
1971Roger Metzger
65.6%
1972Roger Metzger
65.6%
1973Roger Metzger
65.6%
1974Roger Metzger
65.6%
1975Roger Metzger
65.6%
1976Roger Metzger
65.6%
1977Roger Metzger
65.6%
1978Roger Metzger
65.6%
1988Denny Walling
61.3%
1986Denny Walling
61.3%
1984Denny Walling
61.3%
1977Julio Gonzalez
58.2%
1982Ray Knight
57.6%
1983Ray Knight
57.6%
1984Ray Knight
57.6%
1972Tommy Helms
56.4%
1973Tommy Helms
56.4%
1974Tommy Helms
56.4%
1973Dave Roberts
55.6%
1974Dave Roberts
55.6%
1981Dave Roberts
55.6%
1971Johnny Edwards
54.4%
1972Johnny Edwards
54.4%
1973Johnny Edwards
54.3%
1981Luis Pujols
53.9%
1983Luis Pujols
53.9%
1985Jerry Mumphrey
52.1%
1984Jerry Mumphrey
52.1%
1977Joe Ferguson
50.6%
1978Joe Ferguson
50.6%
1971Denis Menke
50.4%
1983Omar Moreno
47.4%
1974Greg Gross
47%
1976Greg Gross
47%
1990Eric Anthony
45.3%
1986Mark Bailey
41.7%
1975Rob Andrews
40.2%
1976Wilbur Howard
40.2%
1986Tony Walker
36.9%
1977Willie Crawford
33.3%
1976Larry Milbourne
31.8%
1986Eric Bullock
27.7%
1977Art Gardner
26.7%

You're not logged in!

Compare scores with friends on all Sporcle quizzes.
OR
Log In

Show Comments

Extras

Top Quizzes Today


Score Distribution

Your Account Isn't Verified!

In order to create a playlist on Sporcle, you need to verify the email address you used during registration. Go to your Sporcle Settings to finish the process.

Report this User

Report this user for behavior that violates our Community Guidelines.

Details: